[Event "MGL-ch (Women) 44th"]
[Site "Arvaikheer"]
[Date "2012.04.04"]
[Round "6"]
[White "Erdenetsetseg, Baatar"]
[Black "Lkhamsuren, Uuganbayar"]
[Result "0-1"]
[WhiteElo "1913"]
[BlackElo "2167"]
[PlyCount "80"]
[EventDate "2012.04.01"]
[EventType "tourn"]
[EventRounds "13"]
[EventCountry "MGL"]
[SourceTitle "EXT 2013"]
[Source "ChessBase"]
[SourceDate "2012.11.22"]
[SourceVersion "1"]
[SourceVersionDate "2012.11.22"]
[SourceQuality "1"]

1. d4 d5 2. c4 e6 3. Nf3 Nf6 4. e3 Be7 5. Bd3 0-0 6. 0-0 b6 7. Ne5 Bb7 8. cxd5 Qxd5 9. Nf3 c5 10. Nc3 Qh5 11. Be2 Nbd7 12. Ne5 Qh4 13. Bf3 Nxe5 14. Bxb7 Neg4 15. h3 Rad8 16. d5 Ne5 17. f4 Nc4 18. Qf3 Na5 19. dxe6 fxe6 20. Ba6 Nd5 21. Nxd5 exd5 22. Bd2 Nc6 23. Bb7 Qh6 24. Bc3 Rd7 25. Bxg7 Qxg7 26. Bxc6 Rd6 27. Bxd5+ Kh8 28. b3 Rg6 29. Rad1 Rg3 30. Qe2 Rxh3 31. Rf3 Rh6 32. e4 Qg4 33. Rdd3 c4 34. Qb2+ Bf6 35. Qa3 Qg7 36. Rg3 cxd3 37. Kf2 Bd4+ 38. Ke1 Qxg3+ 39. Kd2 Qe3+ 40. Kd1 Rh1# 0-1

[Event "MGL-ch (Women) 44th"]
[Site "Arvaikheer"]
[Date "2012.04.02"]
[Round "3"]
[White "Bilegjargal, Bayasgalan"]
[Black "Erdenetsetseg, Baatar"]
[Result "0-1"]
[WhiteElo "1886"]
[BlackElo "1913"]
[PlyCount "79"]
[EventDate "2012.04.01"]
[EventType "tourn"]
[EventRounds "13"]
[EventCountry "MGL"]
[SourceTitle "EXT 2013"]
[Source "ChessBase"]
[SourceDate "2012.11.22"]
[SourceVersion "1"]
[SourceVersionDate "2012.11.22"]
[SourceQuality "1"]

1. d4 d5 2. c4 e6 3. Nf3 c6 4. Nc3 Nf6 5. Bg5 Nbd7 6. e3 Qa5 7. Bxf6 Nxf6 8. Bd3 Bd6 9. c5 Be7 10. a3 Qc7 11. 0-0 Nd7 12. b4 e5 13. e4 dxe4 14. Nxe4 0-0 15. Nd6 exd4 16. Nxc8 Raxc8 17. Nxd4 Bf6 18. Bf5 Rcd8 19. Ra2 Nxc5 20. Rd2 Na6 21. Nf3 Qf4 22. Rxd8 Rxd8 23. Qc2 g6 24. Bd3 Nc7 25. Re1 Nd5 26. Bc4 Kg7 27. Qb3 b5 28. Bd3 a6 29. Qc2 Qd6 30. Be4 Nc3 31. g3 c5 32. bxc5 Qxc5 33. Qb3 a5 34. Kf1 a4 35. Qb4 Qb6 36. g4 h6 37. h4 Nd1 38. Re2 Rd7 39. Rc2 Rc7 40. Rxc7 0-1

[Event "MGL-ch (Women)"]
[Site "Ulaanbaatar"]
[Date "2010.04.10"]
[Round "12"]
[White "Erdenetsetseg, Baatar"]
[Black "Tsengenbayar, Zorigt"]
[Result "0-1"]
[WhiteElo "1953"]
[BlackElo "100"]
[PlyCount "69"]
[EventDate "2010.04.03"]
[EventType "tourn"]
[EventRounds "13"]
[EventCountry "MGL"]
[SourceTitle "EXT 2011"]
[Source "ChessBase"]
[SourceDate "2010.11.26"]
[SourceVersion "1"]
[SourceVersionDate "2010.11.26"]
[SourceQuality "1"]

1. d4 Nf6 2. d5 c6 3. c4 cxd5 4. cxd5 Qa5+ 5. Nc3 Ne4 6. Qd4 Nxc3 7. bxc3 d6 8. e4 Nd7 9. f4 Nc5 10. Rb1 Qxa2 11. Bb5+ Kd8 12. Rb2 Qa1 13. Ne2 Bg4 14. 0-0 Rc8 15. e5 a6 16. Bc4 b5 17. Ra2 Qb1 18. Ba3 Qg6 19. f5 Bxf5 20. Nf4 Qh6 21. exd6 exd6 22. Be2 Be7 23. Nh5 Qg6 24. Bxc5 dxc5 25. Qe5 Bd7 26. Rd1 Bd6 27. Qe3 Re8 28. Qf2 f5 29. Rxa6 Bxh2+ 30. Kxh2 Qxa6 31. d6 g5 32. Nf6 Re5 33. Nxd7 Kxd7 34. Qg3 Rxe2 35. Qxg5 0-1

[Event "MGL-ch (Women)"]
[Site "Ulaanbaatar"]
[Date "2009.04.20"]
[Round "12"]
[White "Erdenetsetseg, Baatar"]
[Black "Lkhamsuren, Uuganbayar"]
[Result "0-1"]
[WhiteElo "1965"]
[BlackElo "2038"]
[PlyCount "114"]
[EventDate "2009.04.11"]
[EventType "tourn"]
[EventRounds "13"]
[EventCountry "MGL"]
[SourceTitle "CBM 130 Extra"]
[Source "ChessBase"]
[SourceDate "2009.07.02"]
[SourceVersion "2"]
[SourceVersionDate "2009.07.15"]
[SourceQuality "1"]

1. e4 e6 2. d4 d5 3. e5 c5 4. Nf3 cxd4 5. Nxd4 Nc6 6. Bf4 Qb6 7. Nb3 a5 8. a4 Qb4+ 9. Qd2 Qe4+ 10. Be3 Qxe5 11. Bb5 Bd7 12. f4 Qh5 13. Nc5 Nf6 14. Nc3 Be7 15. Be2 Qf5 16. g4 Nxg4 17. Bxg4 Qxg4 18. Rg1 Bh4+ 19. Kf1 Qf3+ 20. Bf2 g6 21. Nb5 Ke7 22. Nxb7 e5 23. fxe5 Nxe5 24. Nc7 Bh3+ 25. Ke1 Qxf2+ 26. Qxf2 Nf3+ 27. Ke2 Bxf2 28. Rgd1 Ra7 29. Nxd5+ Kf8 30. Nd6 Bc5 31. Nb5 Bg4 32. Nxa7 Nxh2+ 33. Kd3 Bxd1 34. Nc6 Bf3 35. Kc4 Bf2 36. Nxa5 Kg7 37. Nc3 Rc8+ 38. Kb3 Rc5 39. Nc4 Bd4 40. Kb4 Rc8 41. Nb5 Bd5 42. Ncd6 Bc5+ 43. Kc3 Bxd6+ 44. Kd4 Rxc2 45. Kxd5 Rd2+ 46. Kc6 Be5 47. a5 Nf3 48. a6 Nd4+ 49. Nxd4 Bxd4 50. Ra4 Re2 51. Kd6 Rxb2 52. Rxd4 Rb6+ 53. Ke5 Rxa6 54. Kf4 h5 55. Kg5 f6+ 56. Kf4 Kh6 57. Rb4 Ra3 0-1